000
00290nam a22001337a 4500
008
180216b xxu||||| |||| 00| 0 eng d
020
_a
9780323022194
041
_a
eng
080
_a
615
100
_a
5
101
_a
SHF
245
_a
Medical Drug Reference
_c
Ellsworth
942
_2
udc
_c
BK
999
_c
42763
_d
42763